[Event "Madrid-ch Seniors 65+"]
[Site "Madrid"]
[Date "2022.04.26"]
[Round "6"]
[White "Conchillo Roman, Jose Ignacio"]
[Black "Jimenez Jimenez, Jose Luis"]
[Result "0-1"]
[WhiteElo "1490"]
[BlackElo "1780"]
[PlyCount "28"]
[EventDate "2022.04.18"]
[EventType "swiss"]
[EventRounds "7"]
[EventCountry "ESP"]
[SourceTitle "EXT 2023"]
[Source "ChessBase"]
[SourceDate "2022.10.05"]
[SourceVersion "1"]
[SourceVersionDate "2022.10.05"]
[SourceQuality "1"]

1. e4 e5 2. Nf3 Nc6 3. Bb5 Nf6 4. 0-0 Nxe4 5. Re1 Nd6 6. a4 Be7 7. Nc3 0-0 8. Nxe5 Nd4 9. Qg4 Nxc2 10. d4 Nxb5 11. Bh6 Bf6 12. axb5 d6 13. Qg3 Nxa1 14. Rxa1 Kh8 0-1